000 01383nam0a22003371 4500
001 rc\3452213
005 20250610120412.0
021 _aRU
_b[72-49965]
035 _a(NLR Aleph) 007892136
090 _a7984728
_c7984728
100 _a20130115d1972 |||y0rusy50 ca
101 0 _arus
102 _aRU
105 _ay z |||||
200 1 _aОрганизационно-массовая работа ФЗМК
210 _aМосква
_cПрофиздат
_d1972
215 _a128 с.
_d20
225 1 _aПособие для обучения профсоюзного актива
300 _aНа обороте тит. л. авт.: К.И. Борисов, Б.С. Шокин, Д.Е. Радушкевич, С.В. Борискин
532 1 2 _aОрганизационно-массовая работа фабричного, заводского, местного комитета
606 _aПрофсоюзные организации
_xОрганизационно-массовая работа
_2psbo
606 _aФабзавместкомы
_2psbo
701 1 _aРадушкевич
_bД.Е.
701 1 _aБорискин
_bС.В.
701 1 _aШокин
_bБ.С.
701 1 _aБорисов
_bК.И.
_gКонстантин Иванович
801 0 _aRU
_bNLR
_gpsbo
801 1 _aRU
_bELAR
_2rusmarc
852 _aNLR
_j72-3/6186
942 _cBOOK
980 _aNB